000 00431cam a2200181ua 4500
020 _c1.50
041 _aeng
_h
082 _a510
_bSRI/PR
100 _aSrinivasarao, R .
245 _aPre-university mathematics /
_cR Srinivasarao.
_hTextual Documents
250 _a1 /
_b.
260 _aChennai :
_bS.Viswanathan ,
_c1958.
300 _a116 ; .
365 _a1.50
504 _a
942 _cBK
999 _c9495
_d9495